[Event "World-chT Rapid"]
[Site "Dusseldorf"]
[Date "2023.08.28"]
[Round "9"]
[White "Dyachuk, Artem"]
[Black "Shamsi, Mohammadhossein"]
[Result "1-0"]
[WhiteElo "2242"]
[BlackElo "2217"]
[PlyCount "75"]
[EventDate "2023.08.26"]
[EventType "team-swiss (rapid)"]
[EventRounds "12"]
[EventCountry "GER"]
[SourceTitle "CBM 215 Extra"]
[Source "ChessBase"]
[SourceDate "2023.09.30"]
[SourceVersion "1"]
[SourceVersionDate "2023.09.30"]
[SourceQuality "1"]
[WhiteTeam "Chess Wizzards"]
[BlackTeam "Phile Khoob CC"]
[WhiteTeamCountry "UKR"]
[BlackTeamCountry "IRI"]

1. e4 c6 2. d4 d5 3. e5 Bf5 4. Nf3 e6 5. Be2 c5 6. Be3 Qb6 7. Nc3 Nc6 8. 0-0 Qxb2 9. Nb5 c4 10. Nc7+ Kd7 11. Nxa8 Bxc2 12. Qe1 Bb4 13. Bd2 Nge7 14. Bxb4 Nxb4 15. Qd2 c3 16. Bb5+ Nec6 17. Qf4 Rf8 18. a3 Nd3 19. Bxc6+ bxc6 20. Qg5 g6 21. Qh6 Qb8 22. Ng5 Qxa8 23. Nxh7 Rh8 24. Qg7 Rxh7 25. Qxh7 Qf8 26. Qh3 c5 27. Qe3 c4 28. Rfc1 Nxc1 29. Qxc1 Bd3 30. Qxc3 Qb8 31. h4 Qb3 32. Qa5 c3 33. Rc1 c2 34. Qxa7+ Ke8 35. Qa5 Be4 36. a4 Qa3 37. Qd2 Qxa4 38. f3 1-0

[Event "Titled Tuesday intern op 13th Apr"]
[Site "Chess.com INT"]
[Date "2021.04.13"]
[Round "9"]
[White "Shamsi, Mohammadhossein"]
[Black "Gombocz, Ferenc Jr"]
[Result "1-0"]
[WhiteElo "2217"]
[BlackElo "2280"]
[PlyCount "87"]
[EventDate "2021.04.13"]
[EventType "swiss (blitz)"]
[EventRounds "11"]
[EventCountry "USA"]
[SourceTitle "CBM 201 Extra"]
[Source "ChessBase"]
[SourceDate "2021.05.31"]
[SourceVersion "1"]
[SourceVersionDate "2021.05.31"]
[SourceQuality "1"]

1. e4 e5 2. Nf3 Nc6 3. d4 exd4 4. Bc4 Nf6 5. e5 d5 6. Bb5 Ne4 7. Nxd4 Bc5 8. 0-0 0-0 9. Bxc6 bxc6 10. Nc3 Bxd4 11. Qxd4 Ba6 12. Re1 c5 13. Qxd5 Nxc3 14. Qxd8 Raxd8 15. bxc3 Rd5 16. f4 Re8 17. Be3 f6 18. Rad1 Rxd1 19. Rxd1 fxe5 20. f5 Kf7 21. Bxc5 Bc8 22. g4 a6 23. Kf2 g6 24. fxg6+ Kxg6 25. h3 h5 26. Kg3 hxg4 27. hxg4 Kf6 28. Rh1 Rg8 29. Rh4 Ke6 30. Be3 Kd5 31. g5 Bf5 32. Rh6 c6 33. c4+ Kxc4 34. Rxc6+ Kd5 35. Rxa6 Bxc2 36. a4 Bd3 37. Ra7 Ke4 38. Bd2 Rf8 39. a5 Rf3+ 40. Kh4 Bf1 41. g6 Rf2 42. Be1 Rh2+ 43. Kg5 Rg2+ 44. Kf6 1-0

[Event "Titled Tuesday intern op 13th Apr"]
[Site "Chess.com INT"]
[Date "2021.04.13"]
[Round "3"]
[White "Shamsi, Mohammadhossein"]
[Black "Marin Masis, Jose Esteban"]
[Result "1-0"]
[WhiteElo "2217"]
[BlackElo "1938"]
[PlyCount "75"]
[EventDate "2021.04.13"]
[EventType "swiss (blitz)"]
[EventRounds "11"]
[EventCountry "USA"]
[SourceTitle "CBM 201 Extra"]
[Source "ChessBase"]
[SourceDate "2021.05.31"]
[SourceVersion "1"]
[SourceVersionDate "2021.05.31"]
[SourceQuality "1"]

1. e4 c5 2. Nf3 g6 3. c3 d5 4. exd5 Qxd5 5. d4 Bg7 6. Be2 Nf6 7. 0-0 cxd4 8. cxd4 0-0 9. Nc3 Qd8 10. h3 b6 11. Bg5 Bb7 12. Rc1 Nbd7 13. Ne5 Rc8 14. Bf3 Bxf3 15. Qxf3 h6 16. Bh4 g5 17. Bg3 Nxe5 18. dxe5 Nd7 19. Rfe1 Nc5 20. Rcd1 Qe8 21. h4 Qc6 22. Nd5 Qe6 23. hxg5 hxg5 24. Qh5 Rfd8 25. Nc3 Nd3 26. Re2 Nf4 27. Rxd8+ Rxd8 28. Bxf4 gxf4 29. Qg5 f3 30. gxf3 Qh6 31. Qg3 Kh7 32. Re4 Qc1+ 33. Kg2 Bh6 34. Rg4 Qxb2 35. Ne4 Qxa2 36. Qh4 f6 37. exf6 exf6 38. Nxf6+ 1-0

[Event "Titled Tuesday intern op 27th Oct"]
[Site "Chess.com INT"]
[Date "2020.10.27"]
[Round "2"]
[White "Perestjuk, Marko"]
[Black "Shamsi, Mohammadhossein"]
[Result "0-1"]
[WhiteElo "2124"]
[BlackElo "2217"]
[PlyCount "86"]
[EventDate "2020.10.27"]
[EventType "swiss (blitz)"]
[EventRounds "11"]
[EventCountry "USA"]
[SourceTitle "CBM 199 Extra"]
[Source "ChessBase"]
[SourceDate "2021.01.31"]
[SourceVersion "1"]
[SourceVersionDate "2021.01.31"]
[SourceQuality "1"]

1. c4 Nf6 2. Nc3 d5 3. cxd5 Nxd5 4. g3 g6 5. Bh3 Nb6 6. Bg2 Bg7 7. Nf3 Nc6 8. 0-0 0-0 9. a3 e5 10. b4 h6 11. Rb1 Be6 12. Qc2 Nd4 13. Nxd4 exd4 14. Ne4 Bd5 15. Bb2 c6 16. d3 Re8 17. Rfe1 Rc8 18. Qc5 Na4 19. Qd6 Nc3 20. Qxd8 Rcxd8 21. Nxc3 dxc3 22. Ba1 f5 23. Bxd5+ cxd5 24. Rbc1 d4 25. e4 dxe3 26. Bxc3 Rxd3 27. Bxg7 Kxg7 28. Rxe3 Rexe3 29. fxe3 Rxe3 30. Rc7+ Kf6 31. Rxb7 Rxa3 32. Kg2 h5 33. h4 f4 34. gxf4 Kf5 35. Rf7+ Kg4 36. Rg7 Ra2+ 37. Kf1 Kxh4 38. Rxg6 Rb2 39. Ra6 Kg3 40. Rxa7 Rb1+ 41. Ke2 h4 42. Rg7+ Kxf4 43. Kf2 Rb2+ 0-1

[Event "Titled Tuesday intern op 27th Oct"]
[Site "Chess.com INT"]
[Date "2020.10.27"]
[Round "1"]
[White "Shamsi, Mohammadhossein"]
[Black "Jobava, Baadur"]
[Result "0-1"]
[WhiteElo "2217"]
[BlackElo "2603"]
[PlyCount "72"]
[EventDate "2020.10.27"]
[EventType "swiss (blitz)"]
[EventRounds "11"]
[EventCountry "USA"]
[SourceTitle "CBM 199 Extra"]
[Source "ChessBase"]
[SourceDate "2021.01.31"]
[SourceVersion "1"]
[SourceVersionDate "2021.01.31"]
[SourceQuality "1"]

1. e4 d6 2. d4 Nf6 3. Nc3 e5 4. Nf3 Nbd7 5. Bc4 Be7 6. 0-0 0-0 7. Re1 c6 8. a4 h6 9. Ba2 Re8 10. h3 Qc7 11. Be3 Nf8 12. Qd2 N6h7 13. Rad1 a5 14. Ne2 Be6 15. d5 cxd5 16. exd5 Bd7 17. b3 f5 18. Qc1 Ng6 19. c4 b6 20. Nc3 Nf6 21. Bxh6 e4 22. Nd4 gxh6 23. Qxh6 Kf7 24. Ne6 Bxe6 25. dxe6+ Kxe6 26. Qxg6 Rg8 27. Qh6 Rh8 28. Qf4 Rag8 29. Nd5 Qc5 30. Nxf6 Bxf6 31. Bb1 Be5 32. Qe3 Qc7 33. f4 Qg7 34. Re2 Bc3 35. Qxb6 Bb4 36. Qd4 Bc5 0-1

[Event "Titled Tuesday intern op 27th Oct"]
[Site "Chess.com INT"]
[Date "2020.10.27"]
[Round "8"]
[White "Shamsi, Mohammadhossein"]
[Black "Krutko, Anatoly"]
[Result "0-1"]
[WhiteElo "2217"]
[BlackElo "2397"]
[PlyCount "88"]
[EventDate "2020.10.27"]
[EventType "swiss (blitz)"]
[EventRounds "11"]
[EventCountry "USA"]
[SourceTitle "CBM 199 Extra"]
[Source "ChessBase"]
[SourceDate "2021.01.31"]
[SourceVersion "1"]
[SourceVersionDate "2021.01.31"]
[SourceQuality "1"]

1. e4 Nc6 2. Nf3 d6 3. d4 g6 4. Nc3 Bg7 5. Be3 Bg4 6. Be2 e5 7. d5 Bxf3 8. Bxf3 Nd4 9. Bxd4 exd4 10. Ne2 Qf6 11. 0-0 Ne7 12. Qd3 0-0 13. Rad1 c5 14. dxc6 Nxc6 15. Ng3 Ne5 16. Qe2 Rac8 17. Rd2 Rc5 18. Bg4 Qf4 19. Bh3 b5 20. Rfd1 Nc4 21. Rd3 Nxb2 22. Rf3 Qe5 23. Rb1 Nc4 24. Nf1 Bh6 25. g3 Na3 26. Rb2 Bc1 27. Rbb3 Nc4 28. Rfd3 Bh6 29. f4 Qf6 30. Nd2 Bg7 31. Nf3 a5 32. Rb1 b4 33. Nxd4 Na3 34. Rc1 Qd8 35. Kg2 Qb6 36. Nb3 Rc7 37. Bg4 Re7 38. Bf3 Rc8 39. Qd2 Rec7 40. Rxd6 Qb8 41. Bd1 Nc4 42. Qd5 Nxd6 43. Qxd6 Rxc2+ 44. Rxc2 Rxc2+ 0-1

[Event "Titled Tuesday intern op 20th Oct"]
[Site "Chess.com INT"]
[Date "2020.10.20"]
[Round "5"]
[White "Shamsi, Mohammadhossein"]
[Black "Khalafova, Narmin Ilgar Qizi"]
[Result "0-1"]
[WhiteElo "2217"]
[BlackElo "2279"]
[PlyCount "74"]
[EventDate "2020.10.20"]
[EventType "swiss (blitz)"]
[EventRounds "11"]
[EventCountry "USA"]
[SourceTitle "EXT 2022"]
[Source "ChessBase"]
[SourceDate "2021.10.06"]
[SourceVersion "1"]
[SourceVersionDate "2021.10.06"]
[SourceQuality "1"]

1. e4 c5 2. Nf3 d6 3. d4 Nf6 4. dxc5 Nxe4 5. cxd6 Nc6 6. Bd3 Nxd6 7. 0-0 e5 8. Re1 f6 9. Nc3 Be6 10. b3 Be7 11. Bb2 0-0 12. Qe2 Qd7 13. Rad1 Kh8 14. h3 Rad8 15. Nh4 f5 16. Nf3 e4 17. Bb5 Bf6 18. Na4 exf3 19. Qxe6 Qxe6 20. Rxe6 Nxb5 21. Rxd8 Nxd8 22. Re3 Bxb2 23. Nxb2 fxg2 24. Kxg2 Nc6 25. Nc4 f4 26. Re6 Nbd4 27. Rd6 f3+ 28. Kg1 h6 29. Rd7 Re8 30. Rxb7 Re1+ 31. Kh2 Ne2 32. Rc7 Ncd4 33. Ne5 Rf1 34. Nd3 Rg1 35. c3 Rg2+ 36. Kh1 Nf5 37. Rxa7 Nfg3+ 0-1

[Event "Titled Tuesday intern op 16th June"]
[Site "Chess.com INT"]
[Date "2020.06.16"]
[Round "7"]
[White "Ashiev, Eduard"]
[Black "Shamsi, Mohammadhossein"]
[Result "0-1"]
[WhiteElo "2202"]
[BlackElo "2217"]
[PlyCount "76"]
[EventDate "2020.06.16"]
[EventType "swiss (blitz)"]
[EventRounds "10"]
[EventCountry "USA"]
[SourceTitle "EXT 2021"]
[Source "ChessBase"]
[SourceDate "2020.10.23"]
[SourceVersion "1"]
[SourceVersionDate "2020.10.23"]
[SourceQuality "1"]

1. d4 Nf6 2. Nf3 g6 3. c4 Bg7 4. Nc3 d5 5. Bf4 0-0 6. Rc1 dxc4 7. e4 c5 8. d5 b5 9. e5 Nh5 10. Be3 Qb6 11. Be2 f5 12. 0-0 f4 13. Bd2 Bf5 14. d6 exd6 15. Nxb5 dxe5 16. Bxc4+ Kh8 17. Bc3 Nc6 18. Ng5 h6 19. Nf3 Nd4 20. a4 Rad8 21. Qe1 Nxf3+ 22. gxf3 Bh3 23. Bxe5 Rfe8 24. Bxg7+ Nxg7 25. Qc3 a6 26. Na3 Bxf1 27. Bxf1 Kh7 28. Nc4 Qe6 29. a5 Nf5 30. Nd2 Nd4 31. Ne4 Qf5 32. Qxc5 Nxf3+ 33. Kg2 Qg4+ 34. Ng3 fxg3 35. Qc7+ Rd7 36. Qxg3 Qxg3+ 37. hxg3 Nd2 38. Bxa6 Nb3 0-1

[Event "Titled Tuesday intern op 16th June"]
[Site "Chess.com INT"]
[Date "2020.06.16"]
[Round "3"]
[White "Kanyamarala, Trisha"]
[Black "Shamsi, Mohammadhossein"]
[Result "1-0"]
[WhiteElo "2193"]
[BlackElo "2217"]
[PlyCount "69"]
[EventDate "2020.06.16"]
[EventType "swiss (blitz)"]
[EventRounds "10"]
[EventCountry "USA"]
[SourceTitle "EXT 2021"]
[Source "ChessBase"]
[SourceDate "2020.10.23"]
[SourceVersion "1"]
[SourceVersionDate "2020.10.23"]
[SourceQuality "1"]

1. d4 Nf6 2. c4 g6 3. Nc3 d5 4. cxd5 Nxd5 5. e4 Nxc3 6. bxc3 Bg7 7. Nf3 0-0 8. Be3 c5 9. Be2 Nc6 10. 0-0 Qc7 11. e5 cxd4 12. cxd4 Be6 13. Qa4 Bd5 14. Rac1 e6 15. Nd2 a6 16. Bf3 Rfd8 17. Bxd5 Rxd5 18. Ne4 Rad8 19. Nd6 R8xd6 20. exd6 Qxd6 21. Rfd1 h5 22. h3 Bf6 23. Kh1 Kg7 24. Rc5 b5 25. Qb3 Na5 26. Rxd5 exd5 27. Qc3 Nc4 28. Qc1 b4 29. Bh6+ Kh7 30. Bg5 Bg7 31. Qf4 Qd7 32. Re1 Bf8 33. Re7 Bxe7 34. Qxf7+ Kh8 35. Bf6+ 1-0

[Event "Titled Tuesday intern op 16th June"]
[Site "Chess.com INT"]
[Date "2020.06.16"]
[Round "6"]
[White "Shamsi, Mohammadhossein"]
[Black "Kashlinskaya, Alina"]
[Result "1/2-1/2"]
[WhiteElo "2217"]
[BlackElo "2494"]
[PlyCount "109"]
[EventDate "2020.06.16"]
[EventType "swiss (blitz)"]
[EventRounds "10"]
[EventCountry "USA"]
[SourceTitle "EXT 2021"]
[Source "ChessBase"]
[SourceDate "2020.10.23"]
[SourceVersion "1"]
[SourceVersionDate "2020.10.23"]
[SourceQuality "1"]

1. e4 e6 2. d4 d5 3. e5 c5 4. c3 Nc6 5. Nf3 Qb6 6. a3 Nh6 7. b4 cxd4 8. cxd4 Nf5 9. Be3 Nxe3 10. fxe3 f6 11. exf6 gxf6 12. Bd3 Bd6 13. Nbd2 a5 14. b5 Ne7 15. 0-0 e5 16. dxe5 Qxe3+ 17. Kh1 fxe5 18. Bc2 e4 19. Nc4 dxc4 20. Qxd6 exf3 21. Rae1 fxg2+ 22. Kxg2 Qg5+ 23. Kh1 Bg4 24. b6 Bd7 25. Rg1 Qh4 26. Re4 Bc6 27. Qxc6+ bxc6 28. Rxh4 0-0-0 29. Rg7 Rd7 30. Rhxh7 Rxh7 31. Rxh7 Kb7 32. Bf5 Rd1+ 33. Kg2 Re1 34. Kf2 Re5 35. Bc2 Kxb6 36. h4 c3 37. h5 Nd5 38. h6 Ne3 39. Rh8 Nxc2 40. h7 Rh5 41. Rb8+ Kc5 42. h8Q Rxh8 43. Rxh8 Nxa3 44. Ke3 c2 45. Kd2 Kb4 46. Rb8+ Ka4 47. Rc8 Kb5 48. Rb8+ Kc4 49. Rb7 c5 50. Rb8 a4 51. Rb7 Kd4 52. Rd7+ Kc4 53. Rb7 Kd4 54. Rd7+ Kc4 55. Rb7 1/2-1/2

[Event "Titled Tuesday intern op 12th May"]
[Site "Chess.com INT"]
[Date "2020.05.12"]
[Round "7"]
[White "Shamsi, Mohammadhossein"]
[Black "Pandey, Srishti"]
[Result "1-0"]
[WhiteElo "2217"]
[BlackElo "2026"]
[PlyCount "92"]
[EventDate "2020.05.12"]
[EventType "swiss (blitz)"]
[EventRounds "10"]
[EventCountry "USA"]
[SourceTitle "EXT 2021"]
[Source "ChessBase"]
[SourceDate "2020.10.23"]
[SourceVersion "1"]
[SourceVersionDate "2020.10.23"]
[SourceQuality "1"]

1. e4 e6 2. d4 d5 3. e5 c5 4. c3 Nc6 5. Nf3 Qb6 6. a3 Bd7 7. b4 cxd4 8. cxd4 Nh6 9. Be3 Nf5 10. Nbd2 Be7 11. Bd3 0-0 12. 0-0 f6 13. Bxf5 exf5 14. Nb3 fxe5 15. dxe5 d4 16. Nfxd4 Nxd4 17. Bxd4 Qg6 18. Bc5 Bc6 19. f3 Rfd8 20. Qe2 Bg5 21. Bd6 b6 22. Qc4+ Kh8 23. Qxc6 Be3+ 24. Kh1 Rac8 25. Qd5 Rc2 26. Rg1 Bxg1 27. Rxg1 Rdc8 28. e6 Re2 29. e7 h6 30. Be5 Kh7 31. Bd6 Rcc2 32. f4 Rb2 33. Nd4 Re4 34. Qxf5 Qxf5 35. Nxf5 Rd2 36. Be5 Rxe5 37. fxe5 Re2 38. e8Q Re4 39. Qf7 Rg4 40. Nxh6 Kxh6 41. Qe6+ Rg6 42. Qxg6+ Kxg6 43. Re1 Kf5 44. e6 Kf6 45. e7 Kf7 46. e8Q+ Kf6 1-0

[Event "Tehran Paytakht Cup 2nd"]
[Site "Tehran"]
[Date "2017.10.30"]
[Round "8"]
[White "Shamsi, Mohammadhossein"]
[Black "Harutjunyan, Gevorg"]
[Result "1/2-1/2"]
[WhiteElo "2189"]
[BlackElo "2433"]
[PlyCount "137"]
[EventDate "2017.10.24"]
[EventType "swiss"]
[EventRounds "9"]
[EventCountry "IRI"]
[SourceTitle "CBM 181 Extra"]
[Source "ChessBase"]
[SourceDate "2017.12.12"]
[SourceVersion "1"]
[SourceVersionDate "2017.12.12"]
[SourceQuality "1"]

1. e4 c6 2. d4 d5 3. exd5 cxd5 4. c4 Nf6 5. Nc3 e6 6. Nf3 Bb4 7. Bd3 dxc4 8. Bxc4 0-0 9. 0-0 Nbd7 10. Bg5 Nb6 11. Bd3 Be7 12. Re1 Bd7 13. Qe2 Bc6 14. Rad1 Nbd5 15. Ne5 Qa5 16. Bb1 Rad8 17. Rd3 Nxc3 18. bxc3 Bb5 19. Bxf6 Bxf6 20. Rh3 g6 21. Qe4 Ba6 22. Qf4 Bg7 23. Qh4 h5 24. Rg3 Bxe5 25. Qxh5 Qxc3 26. Rxc3 gxh5 27. dxe5 Rd4 28. Rg3+ Kh8 29. Rh3 h4 30. Be4 Rc8 31. Rxh4+ Kg7 32. Rg4+ Kf8 33. h4 Rc5 34. h5 Rxe5 35. h6 Rh5 36. h7 Rxh7 37. Bxh7 Rxg4 38. Be4 Ke7 39. f3 Rg8 40. Rc1 Rd8 41. g4 Kd6 42. Kf2 Rd7 43. Ke3 Rc7 44. Rxc7 Kxc7 45. Kd4 Kd6 46. f4 b6 47. g5 Bc8 48. g6 fxg6 49. Bxg6 b5 50. a3 Bd7 51. Bd3 a5 52. Bc2 Kc6 53. Bb3 Kd6 54. Bc2 Bc6 55. Bd3 Be8 56. Be2 a4 57. Bd3 Bc6 58. Be2 Bd7 59. Bd3 Kc6 60. Be2 Bc8 61. Bd3 Kb6 62. Bf1 Bb7 63. Be2 Bc6 64. Bd3 Bd7 65. Be2 Kc6 66. Bd3 Kd6 67. Be2 Bc6 68. Bd3 Bd7 69. Be2 1/2-1/2